| 000 | 00974nam a2200277 a 4500 | ||
|---|---|---|---|
| 001 | 26158 | ||
| 003 | BD-RjUL | ||
| 005 | 20211209050958.0 | ||
| 008 | 140320r19521949nyub b 001 0 eng d | ||
| 035 | _a(BD-RjUL)26228 | ||
| 040 |
_aAUC _beng _cAUC _dXNTU _dBD-RjUL |
||
| 041 | _aeng | ||
| 082 | 0 | 4 |
_a320.947 _220 _bHAG 1952 |
| 100 | 1 |
_aHarper, Samuel N. _q(Samuel Northrup), _d1882-1943. _980389 |
|
| 245 | 1 | 4 |
_aThe government of the Soviet Union / _cby Samuel N. Harper and Ronald Thompson. |
| 250 | _a2nd ed. | ||
| 260 |
_aNew York : _bVan Nostrand Co. ; _c1949 [reprinted 1952]. |
||
| 300 |
_axiv, 369 p. : _bmaps; _c22 cm. |
||
| 490 | 0 | _aThe Governments of Europe | |
| 504 | _aIncludes bibliographical references and index. | ||
| 651 | 0 |
_aSoviet Union _xPolitics and government _y1917- _980390 |
|
| 700 | 1 |
_aThompson, Ronald _q(Ronald Bettes), _d1913- _980391 |
|
| 710 | 1 |
_aRussia (1923- U.S.S.R.) _kConstitution. _980392 |
|
| 942 |
_2ddc _cBK |
||
| 999 |
_c26158 _d26158 |
||